|
|
|
|
| LEADER |
00000nta a2200000 i 4500 |
| 001 |
dolg40554 |
| 005 |
20220726105137.0 |
| 008 |
220726s2013 hu om 000 hun d |
| 040 |
|
|
|a BGE Dolgozattár Repozitórium
|b hun
|
| 041 |
|
|
|a hu
|
| 100 |
1 |
|
|a Kardos Dávid
|
| 245 |
1 |
2 |
|a A Grundfos Magyarotszág Gyártó Kft. indirekt beszerzési gyakorlatának optimalizálási lehetőségei a költséghatékonyság szempontjából
|c Kardos Dávid
|h [elektronikus dokumentum]
|
| 260 |
|
|
|c 2013
|
| 695 |
|
|
|a Beszerzés optimalizálás
|
| 695 |
|
|
|a Vállalatgazdaságtan
|
| 700 |
1 |
|
|a Nincs adat Nincs adat
|e ths
|
| 856 |
4 |
0 |
|u http://dolgozattar.uni-bge.hu/40554/1/D_16391_HHBCXK%20-%20Kardos%20D%C3%A1vid.pdf
|z Dokumentum-elérés
|